| 000 | 00477nam a2200169Ia 4500 | ||
|---|---|---|---|
| 003 | GCL | ||
| 005 | 20240530103320.0 | ||
| 008 | 140319s9999 xx 000 0 ara d | ||
| 040 |
_aGCL / _cGCL |
||
| 082 | 0 | 4 |
_a811.094 _bم هـ |
| 100 | 0 | _aمحمد بنيس | |
| 245 | 1 | 0 |
_aهبة الفراغ : شعر / _cمحمد بنيس |
| 260 |
_a[S.N] : _bدار توبقال للنشر ، _c1992 |
||
| 300 | _a97 ص | ||
| 490 |
_aسلسلة نصوص ادبية _v0 |
||
| 942 |
_2ddc _cBK |
||
| 999 |
_c38468 _d38468 |
||